| 000 | 01751cam a2200373 a 4500 | ||
|---|---|---|---|
| 001 | 14289536 | ||
| 005 | 20170105102847.0 | ||
| 008 | 060307s2005 ii b 101 0 eng | ||
| 010 | _a 2006346174 | ||
| 020 | _a8186019529 | ||
| 025 | _aI-E-2006-346174; 63-01; 63-91 | ||
| 037 |
_bLibrary of Congress -- New Delhi Overseas Office _cRs1350.00 ($50.00 U.S.) |
||
| 040 |
_aDLC _cDLC _dDLC |
||
| 042 | _alcode | ||
| 043 |
_aa-ja--- _aae----- |
||
| 050 | 0 | 0 |
_aJZ1745 _b.I68 2005 |
| 082 | _a 355.03095 | ||
| 111 | 2 |
_aAsian Security Conference _n(7th : _d2005 : _cNew Delhi, India) |
|
| 245 | 1 | 0 |
_aChanging security dynamic in Eastern Asia : _bfocus on Japan / _ceditors, N.S. Sisodia, G.V.C. Naidu. |
| 260 |
_aNew Delhi : _bInstitute for Defence Studies and Analyses and Promilla & Co., Publishers in association with Bibliophile South Asia, _c2005. |
||
| 300 |
_axxvi, 648 p. ; _c24 cm. |
||
| 504 | _aIncludes bibliographical references and index. | ||
| 505 | 2 | _aSection I. Asia and the international security environment -- Section II. Strategic challenges and opportunities -- Section III. Japan's changing strategic and security profile -- Section IV. Regional perspectives on East Asian security -- Section V. Geo-economic transformation and energy compulsions. | |
| 650 | 0 |
_aNational security _zJapan _vCongresses. |
|
| 650 | 0 |
_aNational security _zEast Asia _vCongresses. |
|
| 651 | 0 |
_aJapan _xForeign relations _y1989- _vCongresses. |
|
| 651 | 0 |
_aEast Asia _xForeign relations _y21st century _vCongresses. |
|
| 700 | 1 | _aSisodia, N. S. | |
| 700 | 1 | _aNaidu, G. V. C. | |
| 710 | 2 | _aInstitute for Defence Studies and Analyses. | |
| 906 |
_a7 _bcbc _corigode _d3 _encip _f20 _gy-gencatlg |
||
| 942 |
_2ddc _cBK |
||
| 999 |
_c14120 _d14120 |
||